000 00450nam a2200205Ia 4500
001 12717
003 GE_BSU
008 181216s||||||||xx |||||||||||||| ||und||
020 _a9780330493659
040 _cGE_BSU
080 _a821.111-32.1
100 _aHewson,David
245 4 _aThe Villa Of Mysteries
260 _aLondon
260 _bPan books
260 _c2005
300 _a501p.18cm.
653 _aThe Villa Of Mysteries
942 _cBK
999 _c45888
_d45888